| 000 | 00983nam a22002537a 4500 | ||
|---|---|---|---|
| 005 | 20170124103100.0 | ||
| 010 | _aA-265898 | ||
| 020 | _c30.00 | ||
| 035 | _aA-265898 | ||
| 037 | _bCen Lib/Ret | ||
| 040 |
_aDPL _bHN |
||
| 082 |
_aउ _bशाहअ |
||
| 100 |
_aशाह, अशोक के० _9217 |
||
| 245 |
_aदो अगस्त से एक अगस्त तक / _cअशोक के० शाह |
||
| 246 |
_aDo august se ek august tak / _bby Ashok K. Shah |
||
| 260 |
_aदिल्ली _bहिन्दी बुक सेण्टर _c1985 |
||
| 270 |
_a1641, दरीबा कलाँ _bदिल्ली _e110006 |
||
| 300 |
_a141पृ. _c17सेमी (सजिल्द ) |
||
| 650 |
_a साहित्य--उपन्यास _x _z _945844 |
||
| 650 |
_aहिंदी उपन्यास _v _9103391 |
||
| 650 |
_aLiterature--Novel _9103392 |
||
| 650 |
_aHindi Novel _9103393 |
||
| 942 |
_2ddc _cHN _hउ _mशाहअ |
||
| 999 |
_c117745 _d117745 |
||